000 00467nam a2200181 a 4500
001 2399
005 20140414131926.0
008 050601s19uu xx 00 eng d
020 _a971-8910-89-1
050 _aER
_bR11 2001
245 _aRapunzel.
260 _aManila, Philippines :
_bStraight Lines,
_c2001.
300 _a1 v. p. : ill. ; cm.
440 _aClassic tales collection
650 _aFairy tales.
650 _aChildren stories.
999 _c112019
_d112019